[Event "Oberliga Nord W 1415"]
[Site "Germany"]
[Date "2014.11.09"]
[Round "3.5"]
[White "Langenfeld, Olaf"]
[Black "Petkidis, Anthony"]
[Result "1/2-1/2"]
[WhiteElo "2104"]
[BlackElo "2195"]
[PlyCount "92"]
[EventDate "2014.09.22"]
[EventType "team-tourn"]
[EventRounds "9"]
[EventCountry "GER"]
[SourceTitle "EXT 2016"]
[Source "ChessBase"]
[SourceDate "2015.10.08"]
[SourceVersion "1"]
[SourceVersionDate "2015.10.08"]
[SourceQuality "1"]
[WhiteTeam "Goettingen Tempo"]
[BlackTeam "Lister Turm"]
[WhiteTeamCountry "GER"]
[BlackTeamCountry "GER"]

1. d4 Nf6 2. Nf3 c5 3. e3 b6 4. Bd3 Bb7 5. Nbd2 e6 6. 0-0 Be7 7. Qe2 d6 8. b3 0-0 9. Bb2 Nbd7 10. Rfe1 Rc8 11. Rad1 Re8 12. c4 Qc7 13. Bb1 Qb8 14. dxc5 bxc5 15. e4 Ng4 16. h3 Nge5 17. Nxe5 Nxe5 18. Nf3 Bc6 19. Nxe5 dxe5 20. Qh5 f6 21. Qg4 Bd6 22. Rd3 Rcd8 23. Red1 Bc7 24. Rxd8 Bxd8 25. Ba3 Bb6 26. Rd2 a5 27. Qd1 Qc7 28. Bc2 Ra8 29. Qg4 Qe7 30. Qd1 Bc7 31. Bb2 Ra6 32. Ba3 Be8 33. Rd3 Bc6 34. Rd2 Kf8 35. Qh5 h6 36. Qd1 Ra7 37. Qe1 Bb6 38. Qd1 Rd7 39. Rxd7 Bxd7 40. Qd2 Bc6 41. Bb2 Qc7 42. Bc3 Ke7 43. a3 Be8 44. Qd3 Kf7 45. Bd1 Ke7 46. Bc2 Bd7 1/2-1/2

[Event "BL2-Nord 1314"]
[Site "Germany"]
[Date "2013.10.13"]
[Round "1.5"]
[White "Buchal, Stephan"]
[Black "Langenfeld, Olaf"]
[Result "1-0"]
[WhiteElo "2312"]
[BlackElo "2112"]
[PlyCount "93"]
[EventDate "2013.10.13"]
[EventType "team-tourn"]
[EventRounds "9"]
[EventCountry "GER"]
[SourceTitle "EXT 2015"]
[Source "ChessBase"]
[SourceDate "2014.11.20"]
[SourceVersion "1"]
[SourceVersionDate "2014.11.20"]
[SourceQuality "1"]
[WhiteTeam "Werder Bremen II"]
[BlackTeam "Goettingen"]
[WhiteTeamCountry "GER"]
[BlackTeamCountry "GER"]

1. e4 c5 2. Nf3 e6 3. d3 Nc6 4. g3 Nge7 5. Bg2 g6 6. 0-0 Bg7 7. c3 0-0 8. d4 cxd4 9. cxd4 d5 10. e5 b6 11. Nc3 Ba6 12. Re1 Qd7 13. Bg5 Rfc8 14. Qd2 Na5 15. Qf4 Nc4 16. Nd1 b5 17. Bf6 Bf8 18. Bf1 Nb6 19. Ne3 Qe8 20. Ng4 Nf5 21. Bd3 Nd7 22. Ng5 h5 23. Bxf5 exf5 24. e6 fxe6 25. Rxe6 hxg4 26. Rxe8 Rxe8 27. Be5 Rac8 28. Rc1 b4 29. Rxc8 Rxc8 30. h3 Bh6 31. hxg4 Rf8 32. Qf3 Nxe5 33. Qxd5+ Nf7 34. Nxf7 Rxf7 35. Qc6 Bd3 36. Qxg6+ Bg7 37. d5 Rf6 38. Qe8+ Kh7 39. g5 Rd6 40. Qh5+ Kg8 41. Qe8+ Kh7 42. Qe7 Rxd5 43. g6+ Kh6 44. f4 Bd4+ 45. Kh2 Kxg6 46. Qe6+ Bf6 47. Qxd5 1-0

[Event "Oberliga Nord W 1112"]
[Site "Germany"]
[Date "2012.02.05"]
[Round "6.3"]
[White "Jugelt, Tobias"]
[Black "Langenfeld, Olaf"]
[Result "1-0"]
[WhiteElo "2403"]
[BlackElo "2045"]
[PlyCount "55"]
[EventDate "2011.10.02"]
[EventType "team-tourn"]
[EventRounds "9"]
[EventCountry "GER"]
[SourceTitle "EXT 2013"]
[Source "ChessBase"]
[SourceDate "2012.11.22"]
[SourceVersion "1"]
[SourceVersionDate "2012.11.22"]
[SourceQuality "1"]
[WhiteTeam "Delmenhorst"]
[BlackTeam "Salzgitter"]
[WhiteTeamCountry "GER"]
[BlackTeamCountry "GER"]

1. d4 Nf6 2. g3 g6 3. Bg2 Bg7 4. Nf3 0-0 5. 0-0 d6 6. c4 c5 7. Nc3 cxd4 8. Nxd4 a6 9. b3 Qc7 10. Bb2 Nc6 11. Rc1 Nxd4 12. Qxd4 e5 13. Nd5 Nxd5 14. Qxd5 Rb8 15. Rcd1 Rd8 16. c5 Be6 17. cxd6 Qb6 18. Qd2 Rd7 19. Bc3 Rc8 20. Ba5 Qb5 21. Rc1 Re8 22. Bc7 f5 23. b4 e4 24. Rc5 Qa4 25. Ra5 Qc6 26. Rc1 Bc4 27. Rc5 e3 28. fxe3 1-0

[Event "Oberliga Nord W 1112"]
[Site "Germany"]
[Date "2011.11.20"]
[Round "3.4"]
[White "Langenfeld, Olaf"]
[Black "Rust, Stephan"]
[Result "1/2-1/2"]
[WhiteElo "2045"]
[BlackElo "2216"]
[PlyCount "52"]
[EventDate "2011.10.02"]
[EventType "team-tourn"]
[EventRounds "9"]
[EventCountry "GER"]
[SourceTitle "EXT 2013"]
[Source "ChessBase"]
[SourceDate "2012.11.22"]
[SourceVersion "1"]
[SourceVersionDate "2012.11.22"]
[SourceQuality "1"]
[WhiteTeam "Salzgitter"]
[BlackTeam "Hameln"]
[WhiteTeamCountry "GER"]
[BlackTeamCountry "GER"]

1. d4 d5 2. Nf3 Nf6 3. e3 e6 4. Bd3 Be7 5. Nbd2 b6 6. 0-0 Bb7 7. b3 0-0 8. Bb2 Nbd7 9. Ne5 c5 10. f4 Ne4 11. Nxe4 dxe4 12. Bc4 Nf6 13. f5 exf5 14. Rxf5 Bd5 15. Bxd5 Qxd5 16. Ng6 Qd7 17. Nxe7+ Qxe7 18. d5 Nd7 19. Qg4 f6 20. Raf1 Rae8 21. c4 Rf7 22. Qg3 Qd8 23. Rh5 Nf8 24. Rhf5 Nd7 25. R1f4 Qe7 26. Rf1 Qd8 1/2-1/2

[Event "Karl Mala Memorial op 14th"]
[Site "Frankfurt"]
[Date "2011.07.10"]
[Round "7"]
[White "Chandler, Patrick"]
[Black "Langenfeld, Olaf"]
[Result "0-1"]
[WhiteElo "2206"]
[BlackElo "2033"]
[PlyCount "94"]
[EventDate "2011.07.07"]
[EventType "swiss"]
[EventRounds "7"]
[EventCountry "GER"]
[SourceTitle "EXT 2012"]
[Source "ChessBase"]
[SourceDate "2011.11.24"]
[SourceVersion "1"]
[SourceVersionDate "2011.11.24"]
[SourceQuality "1"]

1. e4 c5 2. Nf3 e6 3. b3 Nc6 4. Bb2 Nf6 5. e5 Nd5 6. c4 Nf4 7. g3 Ng6 8. Bg2 Qc7 9. Qe2 Be7 10. 0-0 0-0 11. h4 f6 12. exf6 Bxf6 13. Bxf6 Rxf6 14. Nc3 a6 15. Ne4 Rf5 16. Bh3 Rf8 17. Rad1 Nge5 18. Nxe5 Qxe5 19. Qe3 Nd4 20. f4 Qc7 21. Rf2 b6 22. Qd3 h6 23. Nc3 Bb7 24. Ne2 Nc6 25. Bg2 Rae8 26. Qg6 Ne7 27. Qg4 Nf5 28. Qh5 Bxg2 29. Rxg2 e5 30. g4 Nd4 31. Nxd4 exd4 32. Rf1 Re6 33. g5 Rxf4 34. gxh6 Rxf1+ 35. Kxf1 Qf4+ 36. Rf2 Qxh6 37. Qf7+ Kh7 38. Qxd7 Rf6 39. Rxf6 Qxf6+ 40. Ke2 Qxh4 41. Qf5+ Kh6 42. Qc8 Qe4+ 43. Kf2 Qf4+ 44. Ke2 Qe4+ 45. Kf2 d3 46. Qxa6 Qf4+ 47. Kg1 Qg3+ 0-1

[Event "GER-chT U20"]
[Site "Osnabrueck"]
[Date "2010.12.27"]
[Round "2.5"]
[White "Langenfeld, Olaf"]
[Black "Sistig, Max"]
[Result "1-0"]
[WhiteElo "2014"]
[BlackElo "1932"]
[PlyCount "91"]
[EventDate "2010.12.27"]
[EventType "team-swiss"]
[EventRounds "7"]
[EventCountry "GER"]
[SourceTitle "CBM 140 Extra"]
[Source "ChessBase"]
[SourceDate "2011.03.01"]
[SourceVersion "1"]
[SourceVersionDate "2011.03.01"]
[SourceQuality "1"]
[WhiteTeam "Salzgitter"]
[BlackTeam "Koeln Porz"]
[WhiteTeamCountry "GER"]
[BlackTeamCountry "GER"]

1. d4 Nf6 2. Nf3 g6 3. c4 Bg7 4. Nc3 0-0 5. Bg5 d6 6. e3 Nbd7 7. Be2 Re8 8. 0-0 e5 9. dxe5 dxe5 10. Qc2 c6 11. Rfd1 Qc7 12. Nd2 a5 13. Nde4 b6 14. Bxf6 Nxf6 15. Nxf6+ Bxf6 16. Ne4 Be7 17. c5 Bf5 18. cxb6 Qxb6 19. Bd3 Red8 20. b3 Qb4 21. Nc3 Bxd3 22. Rxd3 Rxd3 23. Qxd3 Rd8 24. Qc2 Qc5 25. g3 Kg7 26. Rc1 f5 27. Na4 Qb5 28. Rd1 Rxd1+ 29. Qxd1 Qd5 30. Qxd5 cxd5 31. Nb6 d4 32. exd4 exd4 33. Kf1 Kf7 34. Nc4 Bb4 35. Ke2 Ke6 36. Kd3 Kd5 37. f3 h5 38. f4 Be1 39. Ne5 h4 40. gxh4 Bxh4 41. Nxg6 Bf2 42. h4 Ke6 43. h5 Kf6 44. Ne5 Be3 45. h6 Bxf4 46. h7 1-0

[Event "GER-chT U20"]
[Site "Osnabrueck"]
[Date "2010.12.27"]
[Round "1.5"]
[White "Rickmann, David"]
[Black "Langenfeld, Olaf"]
[Result "0-1"]
[WhiteElo "1724"]
[BlackElo "2014"]
[PlyCount "98"]
[EventDate "2010.12.27"]
[EventType "team-swiss"]
[EventRounds "7"]
[EventCountry "GER"]
[SourceTitle "CBM 140 Extra"]
[Source "ChessBase"]
[SourceDate "2011.03.01"]
[SourceVersion "1"]
[SourceVersionDate "2011.03.01"]
[SourceQuality "1"]
[WhiteTeam "Magdeburg Aufbau Elbe"]
[BlackTeam "Salzgitter"]
[WhiteTeamCountry "GER"]
[BlackTeamCountry "GER"]

1. e4 c5 2. Nc3 Nc6 3. f4 g6 4. Nf3 Bg7 5. g3 e6 6. Bg2 Nge7 7. 0-0 d6 8. d3 0-0 9. Rb1 Rb8 10. Be3 Nd4 11. Ne2 Nxe2+ 12. Qxe2 b6 13. Nh4 f5 14. e5 dxe5 15. fxe5 Qc7 16. Nf3 h6 17. h4 Bb7 18. Rfe1 Nc6 19. Bf4 Nd4 20. Qf2 Rfd8 21. Rbc1 Bxf3 22. Bxf3 Nxf3+ 23. Qxf3 Kh7 24. Qe3 Rd5 25. Kg2 Rbd8 26. Rcd1 Rd4 27. c3 R4d5 28. Rd2 Qb7 29. Qf3 Qa6 30. c4 Rd4 31. b3 Qc8 32. Red1 Qc7 33. Qe2 Qb7+ 34. Qf3 Qc7 35. Qe2 a6 36. a4 Qe7 37. Qe3 Qc7 38. Qe2 b5 39. axb5 axb5 40. Be3 Rg4 41. d4 Re4 42. dxc5 Qxe5 43. Re1 Rxe3 44. Qxe3 Qxe3 45. Rxe3 Rxd2+ 46. Kf3 bxc4 47. bxc4 Bd4 48. c6 Bxe3 49. c7 Bb6 0-1

[Event "Niedersachsen-ch open"]
[Site "Verden"]
[Date "2010.01.06"]
[Round "7.15"]
[White "Langenfeld, Olaf"]
[Black "Thumulka, Patrick"]
[Result "1/2-1/2"]
[WhiteElo "1992"]
[BlackElo "1892"]
[PlyCount "44"]
[EventDate "2010.01.03"]
[EventType "swiss"]
[EventRounds "7"]
[EventCountry "GER"]
[SourceTitle "EXT 2012"]
[Source "ChessBase"]
[SourceDate "2011.11.24"]
[SourceVersion "1"]
[SourceVersionDate "2011.11.24"]
[SourceQuality "1"]

1. d4 d5 2. Nf3 Nf6 3. e3 Bf5 4. c4 e6 5. Nc3 c6 6. Be2 Bd6 7. 0-0 0-0 8. Ne5 Ne4 9. f4 Nxc3 10. bxc3 f6 11. Nf3 Nd7 12. Qb3 Qb6 13. Ba3 Qxb3 14. axb3 Bxa3 15. Rxa3 a6 16. b4 Nb6 17. c5 Nc4 18. Bxc4 dxc4 19. Nd2 Bd3 20. Rd1 Rad8 21. Kf2 e5 22. Raa1 e4 1/2-1/2

[Event "Niedersachsen-ch open"]
[Site "Verden"]
[Date "2010.01.05"]
[Round "6.4"]
[White "Guennigmann, Manuel"]
[Black "Langenfeld, Olaf"]
[Result "1-0"]
[WhiteElo "2164"]
[BlackElo "1992"]
[PlyCount "51"]
[EventDate "2010.01.03"]
[EventType "swiss"]
[EventRounds "7"]
[EventCountry "GER"]
[SourceTitle "EXT 2012"]
[Source "ChessBase"]
[SourceDate "2011.11.24"]
[SourceVersion "1"]
[SourceVersionDate "2011.11.24"]
[SourceQuality "1"]

1. e4 c5 2. Nf3 e6 3. d4 cxd4 4. Nxd4 a6 5. Nc3 Qc7 6. Bd3 Nc6 7. Nb3 b5 8. 0-0 Bb7 9. Qe2 Nf6 10. f4 d6 11. Bd2 Be7 12. Rae1 Nd7 13. Kh1 0-0 14. Rf3 Nc5 15. Rh3 Nxd3 16. cxd3 g6 17. f5 Bf6 18. Bh6 Rfe8 19. Qf2 Bh8 20. Qh4 Ne5 21. f6 Qd8 22. Bg7 h5 23. Bxh8 Kxh8 24. Qg5 Kg8 25. Rxh5 Nd7 26. Rh8+ 1-0

[Event "Niedersachsen-ch open"]
[Site "Verden"]
[Date "2010.01.04"]
[Round "3.1"]
[White "Langenfeld, Olaf"]
[Black "Eschholz, Enno"]
[Result "1-0"]
[WhiteElo "1992"]
[BlackElo "2198"]
[PlyCount "31"]
[EventDate "2010.01.03"]
[EventType "swiss"]
[EventRounds "7"]
[EventCountry "GER"]
[SourceTitle "EXT 2012"]
[Source "ChessBase"]
[SourceDate "2011.11.24"]
[SourceVersion "1"]
[SourceVersionDate "2011.11.24"]
[SourceQuality "1"]

1. d4 Nf6 2. Nf3 e6 3. Nbd2 d5 4. e3 Bd6 5. Bd3 Nbd7 6. 0-0 e5 7. e4 0-0 8. exd5 exd4 9. Nc4 Nb6 10. Nxb6 axb6 11. Nxd4 Nxd5 12. c3 Qh4 13. g3 Qf6 14. Qh5 Re8 15. Qxd5 Ra5 16. Qf3 1-0

[Event "Niedersachsen-ch U18"]
[Site "Rotenburg"]
[Date "2009.04.06"]
[Round "4"]
[White "Langenfeld, Olaf"]
[Black "Tenninger, Marc"]
[Result "1-0"]
[WhiteElo "1965"]
[BlackElo "1774"]
[PlyCount "39"]
[EventDate "2009.04.04"]
[EventType "swiss"]
[EventRounds "9"]
[EventCountry "GER"]
[SourceTitle "EXT 2010"]
[Source "ChessBase"]
[SourceDate "2010.11.25"]
[SourceVersion "1"]
[SourceVersionDate "2010.11.25"]
[SourceQuality "1"]

1. e4 c6 2. d4 d5 3. exd5 cxd5 4. c4 Nf6 5. Nc3 e6 6. Nf3 Be7 7. cxd5 Nxd5 8. Bd3 a6 9. 0-0 0-0 10. Re1 b5 11. Nxd5 exd5 12. Ne5 g6 13. Bh6 Re8 14. Qf3 Bf6 15. Bg5 Nd7 16. Nxf7 Rxe1+ 17. Rxe1 Qf8 18. Qxd5 Rb8 19. Nd6+ Kg7 20. Re8 1-0

[Event "Niedersachsen-ch op"]
[Site "Verden"]
[Date "2009.01.04"]
[Round "4"]
[White "Langenfeld, Olaf"]
[Black "Sawadkuhi, Massoud Amir"]
[Result "0-1"]
[WhiteElo "1962"]
[BlackElo "2230"]
[PlyCount "46"]
[EventDate "2009.01.03"]
[EventType "swiss"]
[EventRounds "7"]
[EventCountry "GER"]
[SourceTitle "EXT 2012"]
[Source "ChessBase"]
[SourceDate "2011.11.24"]
[SourceVersion "1"]
[SourceVersionDate "2011.11.24"]
[SourceQuality "1"]

1. e3 Nf6 2. Nf3 e6 3. d4 c5 4. Bd3 b6 5. 0-0 Be7 6. c3 Bb7 7. Nbd2 cxd4 8. exd4 0-0 9. Re1 d6 10. Qe2 Nbd7 11. Nc4 Re8 12. Bf4 Nf8 13. a4 Nd5 14. Bg3 Ng6 15. Qd2 a6 16. Be4 f5 17. Bxd5 Bxd5 18. Na3 Bxf3 19. gxf3 Bg5 20. Qd3 f4 21. h4 fxg3 22. hxg5 Nf4 23. Qc2 Qxg5 0-1

[Event "Niedersachsen-ch op"]
[Site "Verden"]
[Date "2009.01.04"]
[Round "3"]
[White "Wolf, Fritjof"]
[Black "Langenfeld, Olaf"]
[Result "0-1"]
[WhiteElo "1664"]
[BlackElo "1962"]
[PlyCount "120"]
[EventDate "2009.01.03"]
[EventType "swiss"]
[EventRounds "7"]
[EventCountry "GER"]
[SourceTitle "EXT 2012"]
[Source "ChessBase"]
[SourceDate "2011.11.24"]
[SourceVersion "1"]
[SourceVersionDate "2011.11.24"]
[SourceQuality "1"]

1. d4 Nf6 2. c4 c5 3. d5 e6 4. Nc3 exd5 5. cxd5 d6 6. e4 g6 7. Bg5 Bg7 8. Bd3 0-0 9. h3 a6 10. a4 Nbd7 11. Nf3 Re8 12. 0-0 Qc7 13. Bf4 c4 14. Bc2 Nc5 15. Nd2 Bd7 16. Nxc4 Ncxe4 17. Bb3 b5 18. axb5 axb5 19. Rxa8 Rxa8 20. Nd2 Nxc3 21. bxc3 Nh5 22. Bh2 Nf6 23. Qf3 Re8 24. Rc1 Qc5 25. g4 h6 26. c4 Qd4 27. Qf4 Qd3 28. Kg2 g5 29. Bc2 Qxc2 30. Rxc2 gxf4 31. Bxf4 bxc4 32. Nxc4 Rc8 33. Ne3 Rxc2 34. Nxc2 Nxd5 35. Bxd6 Bc6 36. Kg3 Nc3 37. f3 Ne2+ 38. Kf2 Nc1 39. Kg3 Ne2+ 40. Kf2 Nd4 41. Nxd4 Bxd4+ 42. Kg3 Kg7 43. h4 h5 44. g5 Kg6 45. Bc7 Kf5 46. Ba5 Be5+ 47. Kf2 f6 48. gxf6 Bxf6 49. Kg3 Ke6 50. Be1 Be5+ 51. Kf2 Bf4 52. Bc3 Kd5 53. Bf6 Kc4 54. Bd8 Kd3 55. Bb6 Be5 56. Bd8 Bd4+ 57. Kg3 Ke2 58. f4 Bf2+ 59. Kh3 Be4 60. Bg5 Kf3 0-1

[Event "Niedersachsen-ch U18"]
[Site "Rotenburg"]
[Date "2008.03.15"]
[Round "1"]
[White "Langenfeld, Olaf"]
[Black "Flauss, Jessica"]
[Result "1-0"]
[WhiteElo "1923"]
[BlackElo "1255"]
[PlyCount "95"]
[EventDate "2008.03.15"]
[EventType "swiss"]
[EventRounds "9"]
[EventCountry "GER"]
[SourceTitle "EXT 2009"]
[Source "ChessBase"]
[SourceDate "2008.11.26"]
[SourceVersion "1"]
[SourceVersionDate "2008.11.26"]
[SourceQuality "1"]

1. e4 e5 2. Nf3 Nc6 3. Bc4 Bc5 4. c3 d6 5. d3 Bg4 6. Nbd2 Nge7 7. Bxf7+ Kxf7 8. Ng5+ Ke8 9. Qxg4 Qd7 10. Qxd7+ Kxd7 11. b4 Bb6 12. Ngf3 h6 13. a4 a6 14. Nc4 Ba7 15. Be3 Bxe3 16. Nxe3 g5 17. h4 Ng6 18. g3 Raf8 19. Ke2 gxh4 20. Nxh4 Nxh4 21. Rxh4 Ne7 22. Rah1 Rf6 23. Ng4 Re6 24. Rxh6 Rexh6 25. Rxh6 Rxh6 26. Nxh6 d5 27. Nf5 Ng6 28. exd5 b6 29. Ke3 Ke8 30. Ke4 Kf7 31. d6 cxd6 32. Nxd6+ Ke6 33. Nc8 b5 34. axb5 axb5 35. Na7 Ne7 36. Nxb5 Nd5 37. f4 exf4 38. gxf4 Nf6+ 39. Kd4 Kf5 40. Nd6+ Kxf4 41. b5 Nd7 42. c4 Kg5 43. c5 Kf6 44. c6 Nb6 45. c7 Ke7 46. c8N+ Nxc8 47. Nxc8+ Kd7 48. Nb6+ 1-0

[Event "Niedersachsen-ch"]
[Site "Verden"]
[Date "2008.01.05"]
[Round "5"]
[White "Schneider, Alexander"]
[Black "Langenfeld, Olaf"]
[Result "1-0"]
[WhiteElo "1774"]
[BlackElo "1923"]
[PlyCount "129"]
[EventDate "2008.01.03"]
[EventType "swiss"]
[EventRounds "7"]
[EventCountry "GER"]
[SourceTitle "EXT 2010"]
[Source "ChessBase"]
[SourceDate "2010.11.25"]
[SourceVersion "1"]
[SourceVersionDate "2010.11.25"]
[SourceQuality "1"]

1. e4 c5 2. Nc3 Nc6 3. f4 e6 4. Nf3 Nge7 5. Be2 d5 6. d3 g6 7. 0-0 Bg7 8. e5 a6 9. Kh1 0-0 10. Na4 b6 11. d4 c4 12. c3 Na5 13. b3 b5 14. Nc5 Nb7 15. Ba3 Nxc5 16. Bxc5 Re8 17. a4 Bd7 18. axb5 axb5 19. Qd2 Nc6 20. Qb2 Bf8 21. Rxa8 Qxa8 22. Ra1 Qb8 23. b4 Bxc5 24. dxc5 Qb7 25. Qa3 Rb8 26. h3 h5 27. Bd1 Kg7 28. Bc2 Kg8 29. Kg1 Kg7 30. Kf2 Qc7 31. Qb2 Rb7 32. Bb1 Ra7 33. Ke3 Qb8 34. Rxa7 Qxa7 35. Qa2 Qb8 36. Qa6 Kf8 37. Nd4 Nxd4 38. Kxd4 Kg8 39. Bc2 Qd8 40. g3 f6 41. Qd6 f5 42. Bd1 Kh7 43. Ke3 Kg7 44. Kd2 Qe8 45. Qc7 Kf8 46. Ke3 Kg8 47. Kf3 Bc6 48. Ke3 Bd7 49. g4 hxg4 50. hxg4 Bc6 51. Kf2 Bd7 52. Kg3 Bc6 53. Kh4 Bd7 54. gxf5 gxf5 55. Bh5 Qe7+ 56. Kg3 Qg7+ 57. Kf2 Qe7 58. Ke3 Qg7 59. Kf2 Qe7 60. Ke3 Qg7 61. Qd8+ Kh7 62. Qg5 Qh6 63. Kd4 Bc6 64. Bf7 Bd7 65. Qg8# 1-0